| 000 | 00496nam a2200169 4500 | ||
|---|---|---|---|
| 001 | 140320 | ||
| 003 | ES-MaACL | ||
| 005 | 20230906200044.0 | ||
| 007 | t| | ||
| 008 | 070214s1970 sp r ||||1| spa d | ||
| 100 | 1 |
_aSegura, Armando. _9105200 |
|
| 245 | 1 | 0 |
_aCrítica del Libro Blanco y del Proyecto de Ley de Educación / _cArmando Segura. |
| 250 | _a1ª ed. | ||
| 260 |
_aBarcelona : _bNova Terra, _c1970 ( _fSocitra) |
||
| 300 |
_a139 p. ; _c17 cm. |
||
| 852 |
_aES-MaACL _jC-40498 _bR.72568 |
||
| 999 |
_c140320 _d140320 |
||